| 000 | 00551nam a2200181 a 4500 | ||
|---|---|---|---|
| 003 | BD-DhJNU | ||
| 005 | 20250513064846.0 | ||
| 008 | 160808s2006 xx 000 0 eng d | ||
| 020 | _a8190363468 | ||
| 040 |
_aBD-DhJNU _bENG _cBD-DhJNU _dBD-DhJNU |
||
| 082 | 0 | 0 |
_a306.7 REW _223 |
| 100 | _aReddy, Gayatri | ||
| 245 |
_aWith respect to sex : _bnegotiating hijra identity in South India / _cGayatri Reddy |
||
| 260 |
_aNew Delhi : _bYoda Press, _c2006. |
||
| 300 |
_axiv, 310 p. : _bill. ; _c22 cm. |
||
| 650 | _aGender identity - South India | ||
| 942 | _cBK | ||
| 999 |
_c1691 _d1691 |
||